NBA All Stars - Statistics

General Stats
  • This quiz has been taken 36 times
  • The average score is 26 of 27
Answer Stats
Picture Answer % Correct
Giannis Antetokounmpo
100%
Ja Morant
100%
Jayson Tatum
100%
Kevin Durant
100%
Kyrie Irving
100%
LeBron James
100%
Luka Doncic
100%
Stephen Curry
100%
Zion Williamson
100%
Damian Lillard
97%
Jaylen Brown
97%
Joel Embiid
97%
Nikola Jokic
97%
Anthony Edwards
94%
DeMar DeRozan
94%
Domantas Sabonis
94%
Donavan Mitchell
94%
Jrue Holiday
94%
Paul George
94%
Shai Gilgeous-Alexander
94%
Bam Adebayo
91%
De'Aaron Fox
91%
Pascal Siakam
91%
Jaren Jackson Jr
88%
Julius Randle
88%
Lauri Markkanen
84%
Tyrese Haliburton
81%
No matching quizzes found
Score Distribution
Percent of People with Each Score
Percentile by Number Answered
Your Score History
You have not taken this quiz